| 000 | 00481nam a2200205Ia 4500 | ||
|---|---|---|---|
| 008 | 170918s9999 xx 000 0 und d | ||
| 020 | _a9780439929295 | ||
| 050 | _bD746 2006 | ||
| 100 | _aDower, Laura | ||
| 245 | 4 | _aThe boy next door / | |
| 245 | _cLaura Dower. | ||
| 260 | _aNew York : | ||
| 260 | _bScholastic, | ||
| 260 | _c2006 | ||
| 300 | _a158 pages : | ||
| 300 | _bcolored illustration ; | ||
| 300 | _c19cm. | ||
| 440 | _aA candy apple book. | ||
| 500 | _a700 | ||
| 999 |
_c342035 _d342035 |
||